00409 2200169 4500001002100000005001500021008004100036035001900077041000700096082000800103090001400111100001400125245002100139260004100160300002100201650001700222INLIS00000000001904020241224115624241224||||||||| | ||| |||| || |  0010-1224019040 aid0 a813 a813 YAN b0 aYandianto00aBUMI dan MANUSIA aJakartabPustaka Agung Harapanc2007 a130hlm;14,5x21cm 0acerita fiksi